| 000 | 00939nam a2200229Ii 4500 | ||
|---|---|---|---|
| 003 | JO-AjNU | ||
| 008 | 230605s9999||||xx |||||||||||||| ||und|| | ||
| 017 | _a377/2/2006 | ||
| 020 | _a978-9957-07-447-4 | ||
| 040 |
_aJO-AjNU _bara _erda _cJO-AjNU |
||
| 041 | _aara | ||
| 050 | 1 | 4 | _aLC3993.9.V35312 2013 |
| 100 | 3 |
_aStambaugh,Tamara مؤلف/Baska,Joyce Vantassel .عمور،أميمة مترجمة/الصافي،عبد الحكيم مترجم/أبو رياش،حسين مترجم/شريف،سليم مترجم /م.مشارك, _eauthor _942799 |
|
| 245 | 0 | 0 | _aالمنهاج الشامل للطلبة الموهوبين = Comprehensive Curriculum For Gifted Learners |
| 250 | _aط1 | ||
| 264 | 3 | 1 | _aعمان:دار الفكر،2013 |
| 300 | _a396ص | ||
| 336 |
_atext _btxt _2rdacontent |
||
| 337 |
_aunmediated _bn _2rdamedia |
||
| 338 |
_avolume _bnc _2rdacarrier |
||
| 650 | 4 |
_a الطلبة الموهوبون-تعليم _942800 |
|
| 999 |
_aA18353 _c21921 _d21921 |
||